Normal view
MARC view
- Voxman, William L
Entry Personal Name
001 - CONTROL NUMBER
- control field: 101982
003 - CONTROL NUMBER IDENTIFIER
- control field: NUST
005 - DATE AND TIME OF LATEST TRANSACTION
- control field: 20221031130924.0
008 - FIXED-LENGTH DATA ELEMENTS
- fixed length control field: 221031|| aca||aabn | a|a d
040 ## - CATALOGING SOURCE
- Original cataloging agency: NUST
- Transcribing agency: NUST
100 ## - HEADING--PERSONAL NAME
- Personal name: Voxman, William L
670 ## - SOURCE DATA FOUND
- Source citation: Work cat.: (NUST)179758: Calvert, James 101981, Finite mathematics with computer-supported applications /, c1994.
